Monnaies féodales de France. Par Faustin Poey D'Avant, membre de la Société de l'Histoire de France, de la Société Française d'Archéologie, de l'Académie de Macon, de la Société d'Émulation de La Vendée; membre associé étranger de la Société Numismatique Belge, etc
Saved in:
| Main Author: | |
|---|---|
| Format: | Book |
| Language: | French |
| Published: |
París
Au Bureau de la Revue Numismatique Française
1858
|
| Edition: | 1a. ed |
| Subjects: | |
| Tags: |
Add Tag
No Tags, Be the first to tag this record!
|
MARC
| LEADER | 00000nam a2200000 a 4500 | ||
|---|---|---|---|
| 001 | UCJ7253 | ||
| 003 | CL-VaPUC | ||
| 008 | 070124e18581215FR |||||||||||||||||fre|d | ||
| 082 | 0 | 4 | |a 737 |b POE |2 21 |
| 100 | 0 | |a Poey D'Avant, Faustin |e author |9 515505 | |
| 245 | 1 | 0 | |a Monnaies féodales de France. Par Faustin Poey D'Avant, membre de la Société de l'Histoire de France, de la Société Française d'Archéologie, de l'Académie de Macon, de la Société d'Émulation de La Vendée; membre associé étranger de la Société Numismatique Belge, etc |
| 250 | |a 1a. ed | ||
| 300 | |a 3 v | ||
| 942 | |c BK | ||
| 945 | |d 20070124 00:00:00 |a rinostro | ||
| 260 | |a París |b Au Bureau de la Revue Numismatique Française |c 1858 | ||
| 500 | |a Vols. 1 y 2, 51 láminas fuera de texto c/u; v.3, 61 láminas fuera de texto.- Vols. i, ii y iii advierten errata.- Ilustraciones conforme a lo señalado en índices.- Los 3 vols. llevan ex libris (Armas) de F.M. Smith Saverney | ||
| 600 | 0 | 7 | |a SMITH SAVERNEY, F. M. |2 CL-VaPUC |9 515384 |
| 650 | 0 | |a Numismática |9 318332 | |
| 650 | 7 | |a MONEDAS |2 CL-VaPUC |9 505392 | |
| 650 | 0 | |a Arqueología |9 265619 | |
| 650 | 0 | |a Feudalismo |9 313469 | |
| 650 | 0 | |a Edad media |9 258041 | |
| 650 | 0 | |a Ilustraciones |9 369481 | |
| 650 | 7 | |a EX LIBRIS |2 CL-VaPUC |9 505186 | |
| 650 | 7 | |a HERALDICA |2 CL-VaPUC |9 388228 | |
| 583 | |a last modification |c 20070124 00:00:00 |k Rodrigo Vera | ||
| 999 | |c 323349 |d 323347 | ||
| 952 | |0 0 |1 0 |4 0 |6 737_000000000000000_POE_1858 |7 0 |8 X |9 402858 |a FDOBUD |b FDOBUD |d 2019-11-22 |h v.1 |i 1060503 |o 737 POE 1858 |p 1060503 |r 2019-11-22 |w 2019-11-22 |y BK_X |k BUD | ||
| 952 | |0 0 |1 0 |4 0 |6 737_000000000000000_POE_1858 |7 0 |8 X |9 402859 |a FDOBUD |b FDOBUD |d 2019-11-22 |h v.2 |i 1060511 |o 737 POE 1858 |p 1060511 |r 2019-11-22 |w 2019-11-22 |y BK_X |k BUD | ||
| 952 | |0 0 |1 0 |4 0 |6 737_000000000000000_POE_1858 |7 0 |8 X |9 402860 |a FDOBUD |b FDOBUD |d 2019-11-22 |h v.3 |i 106052K |o 737 POE 1858 |p 106052K |r 2019-11-22 |w 2019-11-22 |y BK_X |k BUD | ||